|
|
|
|
| LEADER |
00000nam0a2200000 4500 |
| 001 |
290006 |
| 005 |
20231102000237.0 |
| 035 |
|
|
|a (RuTPU)RU\TPU\book\314534
|
| 090 |
|
|
|a 290006
|
| 100 |
|
|
|a 20150403d2013 k y0rusy50 ca
|
| 101 |
0 |
|
|a rus
|
| 102 |
|
|
|a RU
|
| 105 |
|
|
|a a z 101zy
|
| 200 |
1 |
|
|a Физическая культура и спорт на современном этапе: проблемы, поиски, решения
|e материалы межрегиональной научно-практической конференции, Томск, 13 декабря 2013 г.
|f Национальный исследовательский Томский политехнический университет (ТПУ), Институт социально-гуманитарных технологий (ИСГТ), Кафедра спортивных дисциплин (СД)
|
| 210 |
|
|
|a Томск
|c Изд-во ТПУ
|d 2013
|
| 215 |
|
|
|a 250 с.
|c ил.
|
| 320 |
|
|
|a Библиография в конце статей
|
| 330 |
|
|
|a В сборнике материалов конференции представлены статьи по следующим направлениям:- организация физкультурно-оздоровительной работы по месту жительства,- физическая культура детей и подростков,- физическое воспитание и спортивная тренировка студенческой молодежи,- подготовка спортсменов российского и мирового уровня,- медико-биологические аспекты физической культуры и спортивной тренировки,- лечебная и адаптивная физическая культура,- подготовка и повышение квалификации специалистов в сфере физической культуры и спорта.Материалы сборника рассчитаны на специалистов в области физической культуры и спорта, на преподавателей и студентов факультетов физической культуры.
|
| 606 |
1 |
|
|a Физическая культура и спорт
|2 stltpush
|3 (RuTPU)RU\TPU\subj\63791
|9 80728
|
| 610 |
1 |
|
|a физкультурно-оздоровительная работа
|
| 610 |
1 |
|
|a дети
|
| 610 |
1 |
|
|a подростки
|
| 610 |
1 |
|
|a студенты
|
| 610 |
1 |
|
|a спортивные тренировки
|
| 610 |
1 |
|
|a спортсмены
|
| 610 |
1 |
|
|a подготовка
|
| 610 |
1 |
|
|a медико-биологические аспекты
|
| 610 |
1 |
|
|a лечебная физкультура
|
| 610 |
1 |
|
|a конференции
|
| 610 |
1 |
|
|a Томск
|
| 610 |
1 |
|
|a труды учёных ТПУ
|
| 675 |
|
|
|a 796(063)
|v 3
|
| 712 |
0 |
2 |
|a Национальный исследовательский Томский политехнический университет (ТПУ)
|b Институт социально-гуманитарных технологий (ИСГТ)
|b Кафедра спортивных дисциплин (СД)
|h 2608
|2 stltpush
|3 (RuTPU)RU\TPU\col\18985
|
| 712 |
1 |
2 |
|a Физическая культура и спорт на современном этапе: проблемы, поиски, решения
|c межрегиональная научно-практическая конференция
|e Томск
|f 2013
|
| 801 |
|
1 |
|a RU
|b 63413507
|c 20150403
|
| 801 |
|
2 |
|a RU
|b 63413507
|c 20150519
|g RCR
|
| 942 |
|
|
|c BK
|